Best Current MLB Players! - Statistics

General Stats
  • This quiz has been taken 85 times
  • The average score is 6 of 15
Answer Stats
Hint Answer % Correct
1. Judge
97%
2. Ohtani
97%
4. Betts
62%
8. Harper
60%
3. Witt Jr.
57%
6. Guerrero Jr.
40%
12. Tatis Jr.
40%
9. Henderson
27%
5. Ramirez
25%
10. Machado
19%
7. Cole
16%
11. Sale
13%
13. Goldschmidt
5%
15. Chisholm Jr.
2%
14. Weaver
2%
No matching quizzes found
Score Distribution
Percent of People with Each Score
Percentile by Number Answered
Your Score History
You have not taken this quiz